Systems programmer's guide to resource recovery services (RRS) (Record no. 210783)
[ view plain ]
| 000 -LEADER | |
|---|---|
| fixed length control field | 01607nam a2200421Ia 4500 |
| 082 04 - DEWEY DECIMAL CLASSIFICATION NUMBER | |
| Classification number | 005.74 |
| 100 1# - MAIN ENTRY--AUTHOR NAME | |
| Personal name | Bari, Paola. |
| 245 10 - TITLE STATEMENT | |
| Title | Systems programmer's guide to resource recovery services (RRS) |
| 250 ## - EDITION STATEMENT | |
| Edition statement | 1st ed. |
| 260 ## - PUBLICATION, DISTRIBUTION, ETC. (IMPRINT) | |
| Place of publication | Poughkeepsie, NY : |
| Name of publisher | IBM, International Technical Support Organization, |
| Year of publication | 2004. |
| 300 ## - PHYSICAL DESCRIPTION | |
| Number of Pages | x, 168 p. : |
| Other physical details | ill. |
| 490 1# - SERIES STATEMENT | |
| Series statement | IBM redbooks |
| 500 ## - GENERAL NOTE | |
| General note | "November 2004." |
| General note | "SG24-6980-00." |
| 650 #0 - SUBJECT ADDED ENTRY--TOPICAL TERM | |
| Topical Term | Database management. |
| Topical Term | Electronic digital computers |
| Topical Term | System design. |
| 700 1# - ADDED ENTRY--PERSONAL NAME | |
| Personal name | Kyne, Frank. |
| Personal name | Murphy, Alan. |
| 856 40 - ELECTRONIC LOCATION AND ACCESS | |
| Uniform Resource Identifier | http://site.ebrary.com/lib/rucke/Doc?id=10112979 |
No items available.
